000 00326nam a2200133Ia 4500
005 20251222140029.0
008 251222s1900||||xx |||||||||||||| ||spa||
020 _a8479865814
082 _a252/F12
245 0 _aCredere et Celebrare:
250 _a1ra. ed.
264 _bFacultad de TeologĂ­a San Vicente Ferrer
942 _cLIB
999 _c2907
_d2907